Countries with an Economy over 100 Billion - Statistics

General Stats
  • This quiz has been taken 394 times
    69 since last reset
  • The average score is 68 of 80
Answer Stats
Continent Size Country % Correct
Oceania 2.123 trillion Australia
100%
Asia 20.851 trillion China
100%
Europe 3.596 trillion France
100%
Europe 5.452 trillion Germany
100%
Europe 2.738 trillion Italy
100%
Asia 4.379 trillion Japan
100%
Europe 2.656 trillion Russia
100%
Europe 2.091 trillion Spain
100%
North America 32.383 trillion United States
100%
Europe 4.262 trillion United Kingdom
98%
South America 2.635 trillion Brazil
97%
North America 2.507 trillion Canada
97%
North America 2.120 trillion Mexico
97%
Europe 380.637 billion Portugal
97%
Europe 1.449 trillion Netherlands
95%
Europe 599.406 billion Norway
95%
Europe 776.730 billion Belgium
94%
Asia 1.931 trillion South Korea
94%
Europe 760.481 billion Sweden
94%
Europe 623.719 billion Austria
92%
Europe 1.134 billion Poland
92%
Asia 1.640 trillion Turkey
92%
Asia 4.153 trillion India
91%
Asia 1.388 trillion Saudi Arabia
91%
Europe 1.146 billion Switzerland
91%
Asia 976.719 billion Taiwan
91%
Europe 503.772 billion Denmark
89%
Europe 337.669 billion Finland
89%
Europe 307.554 billion Greece
89%
Asia 300.293 billion Iran
89%
Europe 480.834 billion Romania
88%
Asia 527.266 billion Vietnam
88%
South America 539.530 billion Colombia
86%
Asia 1.539 trillion Indonesia
86%
Europe 779.381 billion Ireland
86%
Asia 360.456 billion Kazakhstan
86%
Europe 112.025 billion Serbia
86%
Asia 579.996 billion Thailand
86%
Europe 225.337 billion Ukraine
86%
South America 688.378 billion Argentina
85%
South America 407.850 billion Chile
85%
Europe 432.597 billion Czech Republic
85%
Africa 429,645 billion Egypt
85%
Asia 719.848 billion Israel
85%
Asia 410.495 billion Pakistan
85%
Asia 621.546 billion United Arab Emirates
85%
Europe 116.574 billion Croatia
83%
South America 380.900 billion Peru
83%
Asia 659.572 billion Singapore
83%
Europe 168.897 billion Slovakia
83%
Africa 479.964 billion South Africa
83%
South America 111.303 billion Venezuela
83%
Africa 317.173 billion Algeria
82%
Europe 148.121 billion Bulgaria
82%
Asia 217.416 billion Qatar
82%
North America 252.063 billion Cuba
80%
Asia 172.920 billion Kuwait
80%
Europe 105.907 billion Lithuania
80%
Europe 110.417 billion Luxembourg
80%
Africa 377.365 billion Nigeria
80%
Europe 271.122 billion Hungary
78%
Asia 264.784 billion Iraq
78%
Asia 516.428 billion Malaysia
78%
Africa 194.333 billion Morocco
78%
Oceania 278.636 billion New Zealand
78%
Asia 512.222 billion Philippines
78%
North America 109.931 billion Costa Rica
77%
Africa 123.406 billion Democratic Republic of the Congo
77%
Asia 181.502 billion Uzbekistan
77%
South America 138.194 billion Ecuador
75%
North America 128.886 billion Guatemala
75%
Asia 117.176 billion Oman
75%
Asia 510.705 billion Bangladesh
74%
Europe 102.042 billion Belarus
74%
Africa 121.527 billion Ethiopia
72%
North America 136.148 billion Dominican Republic
71%
Africa 152.354 billion Angola
68%
Africa 147.265 billion Kenya
68%
Africa 118.293 billion Ghana
63%
Africa 112.115 billion Ivory Coast
51%
No matching quizzes found
Score Distribution
Percent of People with Each Score
Percentile by Number Answered
Your Score History
You have not taken this quiz since the last reset